[Event "Sri Lanka National B Chess Championship 2015"]
[Site "SLIIT, Malabe"]
[Date "2015.06.19"]
[Round "1"]
[Board "27"]
[White "Ranasinghe, S D"]
[Black "Gunasekara, W A N Senpathi"]
[Result "1/2-1/2"]
[WhiteElo "1813"]
[BlackElo "1420"]
[PlyCount "86"]
[EventDate "2015.06.19"]
[EventRounds "10"]
[EventCountry "SRI"]

1. Nf3 Nf6 2. g3 e6 3. Bg2 d5 4. O-O Be7 5. d4 b6 6. c4 Bb7 7. cxd5 exd5 8. Nc3
O-O 9. Ne5 Re8 10. Bg5 Nbd7 11. Rc1 h6 12. Bf4 a6 13. Qb3 Bd6 14. Nxd5 Nxd5 15.
Bxd5 Bxd5 16. Qxd5 Nxe5 17. dxe5 Bxe5 18. Qf3 Bxf4 19. Qxf4 Rxe2 20. Rxc7 Qd5
21. Qg4 Rae8 22. b3 Re1 23. Rc1 R1e2 24. Rc8 Qa5 25. Qxe2 Rxc8 26. Rd1 b5 27.
Rd7 Qb6 28. Qf3 Qe6 29. Rd1 Qg6 30. Kg2 Rc2 31. Rd8+ Kh7 32. a4 bxa4 33. bxa4
Rc4 34. a5 Rc5 35. Rd5 Rxd5 36. Qxd5 Qf6 37. Qc5 Kg6 38. Qb6 Qe6 39. Qxe6+ fxe6
40. f4 Kf5 41. Kf3 h5 42. h3 e5 43. g4+ hxg4+ {Poor Recording} 1/2-1/2

[Event "Sri Lanka National B Chess Championship 2015"]
[Site "SLIIT, Malabe"]
[Date "2015.06.19"]
[Round "1"]
[Board "28"]
[White "Arulananthan, Pirathapan"]
[Black "Prabath, D G Ravi"]
[Result "0-1"]
[WhiteElo "1367"]
[BlackElo "1812"]
[PlyCount "118"]
[EventDate "2015.06.19"]
[EventRounds "10"]
[EventCountry "SRI"]

1. e4 c6 2. Nf3 d5 3. exd5 cxd5 4. d4 Nc6 5. Bb5 Bd7 6. Nc3 e6 7. a3 Nf6 8. O-O
Qc7 9. Re1 h6 10. h3 Bd6 11. Bf1 a6 12. Qd3 O-O 13. Ne2 Rac8 14. c3 Ne4 15. Be3
Na5 16. Nd2 Bb5 17. Qc2 Nf6 18. Rac1 Nc4 19. Nxc4 dxc4 20. Kh1 Bc6 21. Ng1 b5
22. Be2 Rfe8 23. Bf3 Nd5 24. Qd2 Nxe3 25. fxe3 Bg3 26. Rf1 e5 27. d5 Qd6 28.
Rcd1 Bd7 29. Ne2 Bh4 30. e4 Bg5 31. Qe1 a5 32. Qg3 Rb8 33. Qe1 Ra8 34. Ra1 Reb8
35. Bh5 g6 36. Bf3 Qc5 37. Qf2 Qxf2 38. Rxf2 b4 39. cxb4 axb4 40. a4 Ra6 41. a5
Rba8 42. Bg4 Bxg4 43. hxg4 Rxa5 44. Rxa5 Rxa5 45. Rf1 Kf8 46. Kg1 Ke7 47. Kf2
Ra2 48. Rb1 Kd6 49. Ke1 Be3 50. Kd1 f5 51. gxf5 gxf5 52. exf5 Kxd5 53. Ng3 Ra8
54. Ke2 Bd4 55. Nh5 Ra2 56. f6 Ke6 57. Kd1 Rxb2 58. Rxb2 Bxb2 59. Kc2 Bd4 0-1

[Event "Sri Lanka National B Chess Championship 2015"]
[Site "SLIIT, Malabe"]
[Date "2015.06.19"]
[Round "1"]
[Board "29"]
[White "Samaranayake, K P R N"]
[Black "Madanperuma, M A Sunera"]
[Result "1-0"]
[WhiteElo "1806"]
[BlackElo "1351"]
[PlyCount "86"]
[EventDate "2015.06.19"]
[EventRounds "10"]
[EventCountry "SRI"]

1. e4 e5 2. Nf3 Nc6 3. d4 exd4 4. Bc4 Bc5 5. O-O Nge7 6. c3 d3 7. b4 Bb6 8. a4
a6 9. Qxd3 O-O 10. Be3 Ba7 11. Nbd2 d6 12. Bxa7 Rxa7 13. Qe3 Ra8 14. Rfd1 Ng6
15. Bb3 Bd7 16. h3 Qe7 17. Re1 Be6 18. Bc2 Rad8 19. Nd4 Nxd4 20. cxd4 Rfe8 21.
Nf3 Bc4 22. Qc3 b5 23. axb5 Bxb5 24. Ba4 Rb8 25. Bxb5 axb5 26. Ra7 Rec8 27. e5
Nf4 28. exd6 Qxd6 29. Qc5 Qxc5 30. dxc5 Nd5 31. Re4 c6 32. Ne5 f6 33. Nd7 Ra8
34. Rb7 Ra1+ 35. Kh2 Rb1 36. Nb6 Nxb6 37. cxb6 g5 38. Rc7 Rd8 39. b7 Rbd1 40.
Rc8 Kf7 41. b8=Q Rxc8 42. Qxc8 Rd2 43. Qe8+ Kg7 1-0

[Event "Sri Lanka National B Chess Championship 2015"]
[Site "SLIIT, Malabe"]
[Date "2015.06.19"]
[Round "1"]
[Board "30"]
[White "Selvakumar, Thangarajah"]
[Black "Piyumantha, M Sasith Nipun"]
[Result "0-1"]
[WhiteElo "1319"]
[BlackElo "1796"]
[PlyCount "94"]
[EventDate "2015.06.19"]
[EventRounds "10"]
[EventCountry "SRI"]

1. f4 e5 2. fxe5 d6 3. exd6 Bxd6 4. Nf3 g5 5. g3 g4 6. Nh4 Be7 7. Ng2 h5 8. Nf4
h4 9. Bg2 hxg3 10. hxg3 Rxh1+ 11. Bxh1 Bh4 12. Kf2 Bg5 13. d4 c6 14. e4 Na6 15.
Nc3 Bd7 16. Be3 Qc7 17. d5 Bxf4 18. gxf4 Qd8 19. Kg3 Nf6 20. f5 Nh5+ 21. Kxg4
Nf6+ 22. Kh3 Qe7 23. Qf3 O-O-O 24. a3 cxd5 25. Nxd5 Nxd5 26. Kg3 Qe5+ 27. Kf2
Nxe3 28. Kxe3 Bc6 29. Rd1 Rxd1 30. Qxd1 Qxb2 31. Qd4 Qxa3+ 32. Kf4 Qc1+ 33. Ke5
Qxh1 34. Kd6 Qxe4 35. Qh8+ Qe8 36. Qxe8+ Bxe8 37. Ke7 Bd7 38. Kxf7 Bxf5 39. c4
Bd3 40. Ke6 Bxc4+ 41. Ke5 b5 42. Kd4 Nc7 43. Kc3 a5 44. Kb2 b4 45. Ka1 a4 46.
Kb2 b3 47. Ka1 a3 0-1

[Event "Sri Lanka National B Chess Championship 2015"]
[Site "SLIIT, Malabe"]
[Date "2015.06.19"]
[Round "1"]
[Board "31"]
[White "De Silva, Rasheen"]
[Black "Rathnayake, Milinda"]
[Result "1-0"]
[WhiteElo "1788"]
[BlackElo "1299"]
[PlyCount "41"]
[EventDate "2015.06.19"]
[EventRounds "10"]
[EventCountry "SRI"]

1. d4 d5 2. Nf3 Nf6 3. Bf4 c6 4. e3 Qb6 5. b3 g6 6. h3 Bg7 7. Bd3 O-O 8. Nbd2
Nbd7 9. O-O c5 10. c3 Qc6 11. Qc2 b5 12. c4 Ba6 13. Ne5 Nxe5 14. dxe5 Nd7 15.
cxd5 Qxd5 16. Be4 Qe6 17. Bxa8 Rxa8 18. Rac1 Bxe5 19. Qe4 Bxf4 20. Qxa8+ Kg7
21. exf4 1-0

[Event "Sri Lanka National B Chess Championship 2015"]
[Site "SLIIT, Malabe"]
[Date "2015.06.19"]
[Round "1"]
[Board "33"]
[White "Subasinghe, K R V R"]
[Black "Anojman, S."]
[Result "1-0"]
[WhiteElo "1835"]
[BlackElo "1610"]
[PlyCount "103"]
[EventDate "2015.06.19"]
[EventRounds "10"]
[EventCountry "SRI"]

1. e4 c5 2. c3 d5 3. exd5 Qxd5 4. d4 Nc6 5. Nf3 Bg4 6. Be2 e6 7. O-O Nf6 8. Be3
cxd4 9. Nxd4 Bxe2 10. Qxe2 Be7 11. Nb5 Qd8 12. Rd1 Qb8 13. Nd2 O-O 14. Nd4 Qc8
15. N2f3 Nd5 16. Nxc6 Qxc6 17. Bd4 b5 18. Ne5 Qb7 19. Qg4 Bf6 20. Qe4 Rac8 21.
h3 Rfe8 22. a3 a5 23. Nf3 Be7 24. Rab1 Qa6 25. Qe2 Qb7 26. Ne5 f6 27. Nf3 e5
28. Be3 Red8 29. Rd2 b4 30. axb4 axb4 31. c4 Nxe3 32. Qxe3 Rxd2 33. Nxd2 Bc5
34. Qe2 Bd4 35. Nb3 Kf8 36. Nxd4 exd4 37. Qd3 Qd7 38. Rd1 Qc6 39. b3 Rd8 40.
Qxh7 Re8 41. Qh8+ Kf7 42. Qh5+ Kf8 43. Rxd4 Re1+ 44. Kh2 Qc7+ 45. f4 Re3 46.
Qf5 Rxb3 47. Rd7 Qb8 48. Qc5+ Kg8 49. Qd5+ Kh7 50. Qh5+ Kg8 51. Qf7+ Kh8 52.
Qxg7# 1-0

[Event "Sri Lanka National B Chess Championship 2015"]
[Site "SLIIT, Malabe"]
[Date "2015.06.19"]
[Round "2"]
[Board "1"]
[White "Prabajith, Asela"]
[Black "Galappaththi, Chinthaka Anurud"]
[Result "1-0"]
[WhiteElo "1845"]
[BlackElo "2129"]
[PlyCount "157"]
[EventDate "2015.06.19"]
[EventRounds "10"]
[EventCountry "SRI"]

1. d4 d6 2. Nf3 Nd7 3. e4 e5 4. Bc4 Be7 5. Nc3 c6 6. a4 Ngf6 7. Qe2 Qc7 8. h3
b6 9. Be3 O-O 10. d5 cxd5 11. exd5 a6 12. O-O Bb7 13. Nd2 Rfe8 14. f4 exf4 15.
Rxf4 Ne5 16. Bb3 Bd8 17. Raf1 Qd7 18. R4f2 Ng6 19. Qd3 Ne5 20. Qd4 b5 21. Nce4
Nxe4 22. Nxe4 f6 23. Nd2 Kh8 24. c3 Qe7 25. Bf4 Ng6 26. Bg3 Bc7 27. Rf3 Qd8 28.
Bf2 Re2 29. Qd3 Qe8 30. axb5 axb5 31. Be3 Rxe3 32. Qxe3 Qxe3+ 33. Rxe3 Bb6 34.
Rfe1 Re8 35. Kf2 Nf4 36. Kf3 Rxe3+ 37. Rxe3 Bxe3 38. Kxe3 Nxg2+ 39. Kd4 Nh4 40.
Bc2 g5 41. c4 Kg7 42. cxb5 Kf7 43. Nc4 Ke7 44. Na5 Nf3+ 45. Ke4 Ne1 46. Bd1 f5+
47. Kd4 Bc8 48. b6 Ng2 49. b7 Bxb7 50. Nxb7 h6 51. Bc2 f4 52. Bd1 Ne3 53. Bf3
Nf5+ 54. Kd3 Ng7 55. Na5 Kd8 56. Nc4 Kc7 57. b4 Ne8 58. Kd4 Nf6 59. Nd2 h5 60.
Ne4 g4 61. Nxf6 gxf3 62. Ne4 Kb6 63. h4 Ka6 64. Nf2 Kb6 65. Ne4 Ka6 66. Nf2 Kb5
67. Ke4 Kxb4 68. Kxf3 Kc4 69. Ke4 f3 70. Nh3 Kc5 71. Kxf3 Kxd5 72. Nf4+ Ke5 73.
Nxh5 d5 74. Ke3 Kf5 75. Ng3+ Kg4 76. h5 Kg5 77. Kd4 Kh6 78. Kxd5 Kg5 79. Ke5
 1-0

[Event "Sri Lanka National B Chess Championship 2015"]
[Site "SLIIT, Malabe"]
[Date "2015.06.19"]
[Round "2"]
[Board "2"]
[White "Kurukulasuriya, Prasanna"]
[Black "Madushanka, Harsha"]
[Result "1-0"]
[WhiteElo "2102"]
[BlackElo "1839"]
[PlyCount "87"]
[EventDate "2015.06.19"]
[EventRounds "10"]
[EventCountry "SRI"]

1. e4 e5 2. Nf3 Nc6 3. Bc4 Bc5 4. c3 d6 5. d4 exd4 6. cxd4 Bb4+ 7. Kf1 Ba5 8.
Qb3 Qd7 9. e5 dxe5 10. dxe5 Bb6 11. Bd2 h6 12. Na3 Qe7 13. Re1 Be6 14. Bxe6
Qxe6 15. Qxe6+ fxe6 16. Nc4 Nge7 17. Bc3 O-O 18. Ke2 Rfd8 19. Rd1 Nd5 20. g3
Rd7 21. Nxb6 axb6 22. Nd4 Nxd4+ 23. Rxd4 c5 24. Rd2 g5 25. Rdd1 Rf7 26. Rhf1
Rf5 27. f3 Nxc3+ 28. bxc3 Rxe5+ 29. Kf2 Rd5 30. Ke3 Rad8 31. Rb1 R8d6 32. Rb3
Rd3+ 33. Ke4 Rd2 34. f4 Re2+ 35. Kf3 Rxa2 36. fxg5 Rxh2 37. Rfb1 hxg5 38. Rxb6
Rd3+ 39. Kg4 Rg2 40. Rxb7 Rgxg3+ 41. Kh5 Rd8 42. Kg6 Rgd3 43. Rg7+ Kf8 44. Rh1
 1-0

[Event "Sri Lanka National B Chess Championship 2015"]
[Site "SLIIT, Malabe"]
[Date "2015.06.19"]
[Round "2"]
[Board "3"]
[White "Munasinghe, Thisura"]
[Black "Doluweera, Minul Sanjula"]
[Result "1/2-1/2"]
[WhiteElo "1833"]
[BlackElo "2046"]
[PlyCount "61"]
[EventDate "2015.06.19"]
[EventRounds "10"]
[EventCountry "SRI"]

1. e4 c6 2. d4 d5 3. Nc3 dxe4 4. Nxe4 Bf5 5. Ng3 Bg6 6. h4 h6 7. Nf3 Nd7 8. h5
Bh7 9. Bd3 Bxd3 10. Qxd3 e6 11. Bd2 Ngf6 12. O-O-O Qc7 13. Ne4 Nxe4 14. Qxe4
Nf6 15. Qe2 O-O-O 16. Kb1 Bd6 17. Be3 c5 18. dxc5 Bxc5 19. Bxc5 Qxc5 20. Rxd8+
Rxd8 21. Ne5 Qe7 22. a3 Kb8 23. Rh3 Rd5 24. Rb3 Qc7 25. f4 Nd7 26. Rc3 Qd8 27.
Nxf7 Qf6 28. Ne5 Nxe5 29. fxe5 Qxe5 30. Qxe5+ Rxe5 31. Rg3 1/2-1/2

[Event "Sri Lanka National B Chess Championship 2015"]
[Site "SLIIT, Malabe"]
[Date "2015.06.19"]
[Round "2"]
[Board "4"]
[White "Edirisinghe, Dulan"]
[Black "Subasinghe, K R V R"]
[Result "1-0"]
[WhiteElo "2035"]
[BlackElo "1835"]
[PlyCount "89"]
[EventDate "2015.06.19"]
[EventRounds "10"]
[EventCountry "SRI"]

1. d4 e6 2. e4 d5 3. Nc3 dxe4 4. Nxe4 Nf6 5. Nxf6+ Qxf6 6. Nf3 Qd8 7. Bd3 Nd7
8. O-O Nf6 9. Re1 Be7 10. Qe2 O-O 11. Bg5 Re8 12. Rad1 Nd5 13. Bc1 Bd7 14. c4
Nf6 15. Bg5 c6 16. Ne5 g6 17. Qf3 Kg7 18. Qf4 Rh8 19. Bh6+ Kg8 20. Re3 Be8 21.
Rf3 Rc8 22. g4 c5 23. dxc5 Rxc5 24. b4 Rc8 25. Bg5 Nd7 26. Nxf7 Bxg5 27. Nxg5
e5 28. Qe3 h6 29. Ne4 Qe7 30. c5 Kg7 31. Nd6 Rc7 32. Bc4 Nf6 33. Rg3 Bd7 34. h3
b6 35. Re1 bxc5 36. bxc5 Rb8 37. g5 Nh5 38. gxh6+ Kh7 39. Rf3 Nf4 40. Qxf4 exf4
41. Rxe7+ Kxh6 42. Rxf4 Rb1+ 43. Kh2 Bc6 44. Nf7+ Kg7 45. Rxc7 1-0

[Event "Sri Lanka National B Chess Championship 2015"]
[Site "SLIIT, Malabe"]
[Date "2015.06.19"]
[Round "2"]
[Board "5"]
[White "Prabath, D G Ravi"]
[Black "Jayasundara, P K U M"]
[Result "1/2-1/2"]
[WhiteElo "1812"]
[BlackElo "2031"]
[PlyCount "67"]
[EventDate "2015.06.19"]
[EventRounds "10"]
[EventCountry "SRI"]

1. e4 e5 2. Nf3 Nf6 3. Nxe5 d6 4. Nf3 Nxe4 5. Nc3 Nxc3 6. dxc3 Be7 7. Be3 Nc6
8. Qd2 h6 9. O-O-O Be6 10. Kb1 Qd7 11. h3 a6 12. Bd3 Ne5 13. Nxe5 dxe5 14. f4
exf4 15. Bxf4 O-O-O 16. Qe3 Kb8 17. Be2 Qa4 18. b3 Qa5 19. Bf3 Bf6 20. Qe4 Bc8
21. Qc4 Bxc3 22. Qxf7 Rhf8 23. Qc4 g5 24. Bc1 Qe5 25. Ba3 Rfe8 26. Bb4 Rh8 27.
Rhf1 Be6 28. Qc5 Qxc5 29. Bxc5 b6 30. Be7 Rxd1+ 31. Rxd1 Kc8 32. Rd3 Bg7 33. g4
Bd7 34. Kc1 {poor recording} 1/2-1/2

[Event "Sri Lanka National B Chess Championship 2015"]
[Site "SLIIT, Malabe"]
[Date "2015.06.19"]
[Round "2"]
[Board "6"]
[White "Peiris, T S S"]
[Black "Amarasinghe, A A C B"]
[Result "1-0"]
[WhiteElo "2026"]
[BlackElo "1829"]
[PlyCount "127"]
[EventDate "2015.06.19"]
[EventRounds "10"]
[EventCountry "SRI"]

1. e4 e5 2. Nf3 Nc6 3. Bc4 Nf6 4. Ng5 d5 5. exd5 b5 6. dxc6 bxc4 7. Nc3 h6 8.
Nf3 Bd6 9. Qe2 O-O 10. Qxc4 e4 11. Nd4 Be5 12. Nde2 Be6 13. Qa4 Ng4 14. h3 Qh4
15. g3 Qh5 16. Qxe4 Nf6 17. Nf4 Bxf4 18. Qxf4 Rfe8 19. O-O Bxh3 20. Qh4 Qf5 21.
Qf4 Qxc2 22. Rd1 h5 23. d3 Nd5 24. Qd2 Qxd2 25. Bxd2 Nb4 26. Nb5 Nd5 27. Re1 a6
28. Na3 Bf5 29. d4 Rab8 30. b3 Kf8 31. Re5 Rxe5 32. dxe5 Ne7 33. Rc1 Ke8 34.
Ba5 Rc8 35. f3 Be6 36. Bb4 Nd5 37. Bc5 f6 38. exf6 gxf6 39. Nc2 Kf7 40. Nd4 Rg8
41. Kf2 Rg5 42. b4 h4 43. gxh4 Rh5 44. Kg3 f5 45. f4 Nf6 46. Nf3 Ne4+ 47. Kg2
Bd5 48. Kf1 Ng3+ 49. Kf2 Ne4+ 50. Ke3 Rh8 51. Bd4 Rg8 52. Ng5+ Nxg5 53. hxg5
Bxa2 54. Be5 Re8 55. Rh1 Ke6 56. Kd4 Rd8+ 57. Kc3 Rg8 58. Ra1 Bd5 59. Rxa6 Rb8
60. Ra7 Rb6 61. Rxc7 Bxc6 62. Kc4 Bd5+ 63. Kc5 Ra6 64. Bf6 1-0

[Event "Sri Lanka National B Chess Championship 2015"]
[Site "SLIIT, Malabe"]
[Date "2015.06.19"]
[Round "2"]
[Board "7"]
[White "Piyumantha, M Sasith Nipun"]
[Black "Naotunna, Dineth Nimnaka"]
[Result "1/2-1/2"]
[WhiteElo "1796"]
[BlackElo "2006"]
[PlyCount "64"]
[EventDate "2015.06.19"]
[EventRounds "10"]
[EventCountry "SRI"]

1. d4 d5 2. c4 Nf6 3. Nc3 c6 4. cxd5 cxd5 5. Bf4 Nc6 6. e3 Bf5 7. Bd3 Bxd3 8.
Qxd3 e6 9. Nf3 Bd6 10. Bxd6 Qxd6 11. O-O O-O 12. Rfc1 Rac8 13. h3 Nb4 14. Qe2
Ne4 15. a3 Nxc3 16. Rxc3 Rxc3 17. bxc3 Nc6 18. Qb5 b6 19. c4 dxc4 20. Qxc4 Na5
21. Qc3 Qc6 22. Qxc6 Nxc6 23. Rc1 Rc8 24. Kf1 f6 25. Ke1 Kf7 26. Kd2 Ke7 27.
Ne1 Kd6 28. Nd3 Rb8 29. Nb4 Na5 30. e4 e5 31. Ke3 b5 32. Rc3 {poor recording}
Nc6 1/2-1/2

[Event "Sri Lanka National B Chess Championship 2015"]
[Site "SLIIT, Malabe"]
[Date "2015.06.19"]
[Round "2"]
[Board "8"]
[White "De Silva, Elath Mathanga"]
[Black "Samaranayake, K P R N"]
[Result "1-0"]
[WhiteElo "1962"]
[BlackElo "1806"]
[PlyCount "54"]
[EventDate "2015.06.19"]
[EventRounds "10"]
[EventCountry "SRI"]

1. d4 Nf6 2. Bf4 e6 3. e3 c5 4. c3 b6 5. Nd2 Bb7 6. Ngf3 cxd4 7. exd4 Be7 8. h3
O-O 9. Bd3 d6 10. O-O Nbd7 11. Re1 Re8 12. Qb1 Qc8 13. a4 a6 14. Ng5 Nf8 15.
Nge4 Nxe4 16. Bxe4 h6 17. Qd3 Nd7 18. Qg3 d5 19. Bxh6 Bf8 20. Bc2 Qc6 21. Bf4
b5 22. Nf3 Nf6 23. Ng5 Qd7 24. Qh4 g6 25. Be5 Bg7 26. Re3 Qe7 27. Rf3 Rec8 1-0

[Event "Sri Lanka National B Chess Championship 2015"]
[Site "SLIIT, Malabe"]
[Date "2015.06.19"]
[Round "2"]
[Board "9"]
[White "Priyankara, Chamil"]
[Black "De Silva, Rasheen"]
[Result "1-0"]
[WhiteElo "1959"]
[BlackElo "1788"]
[PlyCount "39"]
[EventDate "2015.06.19"]
[EventRounds "10"]
[EventCountry "SRI"]

1. e4 e6 2. d4 d5 3. Nc3 dxe4 4. Nxe4 Nd7 5. Nf3 Ngf6 6. Bd3 Be7 7. Qe2 c5 8.
Nxf6+ Nxf6 9. dxc5 Bxc5 10. Bg5 Qa5+ 11. c3 Be7 12. O-O Qc7 13. Bb5+ Nd7 14.
Rfd1 a6 15. Bxd7+ Bxd7 16. Bxe7 Kxe7 17. Ne5 Rhd8 18. Qe4 f6 19. Qb4+ Ke8 20.
Nc4 1-0

[Event "Sri Lanka National B Chess Championship 2015"]
[Site "SLIIT, Malabe"]
[Date "2015.06.19"]
[Round "2"]
[Board "10"]
[White "Lasitha, Subash"]
[Black "Hapuarachchi, H L M"]
[Result "1-0"]
[WhiteElo "1750"]
[BlackElo "1900"]
[PlyCount "75"]
[EventDate "2015.06.19"]
[EventRounds "10"]
[EventCountry "SRI"]

1. d4 Nf6 2. Nf3 g6 3. g3 Bg7 4. Bg2 d6 5. O-O O-O 6. c4 c6 7. Nc3 Qa5 8. Ne1
Be6 9. d5 cxd5 10. cxd5 Bd7 11. Qb3 b5 12. Nd3 Na6 13. a3 Rab8 14. Bd2 Ng4 15.
Ne4 Qb6 16. h3 Ne5 17. Be3 Qb7 18. Nxe5 Bxe5 19. f4 Bg7 20. Kh2 Nc7 21. Rac1
Kh8 22. Rfd1 Rfc8 23. Ng5 Kg8 24. Bf2 a5 25. Qe3 Re8 26. Rd2 Na6 27. b3 h6 28.
Ne6 Bf6 29. Rdc2 Rbc8 30. Qd2 b4 31. a4 Rc3 32. Rxc3 bxc3 33. Rxc3 Bxc3 34.
Qxc3 fxe6 35. dxe6 Qc8 36. exd7 Qxd7 37. Qc4+ e6 38. Bc6 1-0

[Event "Sri Lanka National B Chess Championship 2015"]
[Site "SLIIT, Malabe"]
[Date "2015.06.19"]
[Round "2"]
[Board "11"]
[White "Gunaratne, Mojitha Sathsara"]
[Black "Amarasekara, Lakmal"]
[Result "1-0"]
[WhiteElo "1899"]
[BlackElo "1540"]
[PlyCount "79"]
[EventDate "2015.06.19"]
[EventRounds "10"]
[EventCountry "SRI"]

1. d4 Nf6 2. c4 c5 3. d5 b5 4. cxb5 a6 5. bxa6 g6 6. g3 Bxa6 7. Bg2 d6 8. Nc3
Nbd7 9. Nf3 Bg7 10. O-O Qa5 11. Qc2 O-O 12. Bd2 Bc4 13. Rfd1 Nb6 14. e4 Ng4 15.
b3 Bb5 16. a4 Be8 17. Nb5 Qa6 18. Bf1 Qc8 19. Bc3 f6 20. Qe2 Ne5 21. Nxe5 dxe5
22. Na3 Nd7 23. Bh3 Qb7 24. Rab1 Nb8 25. Nc4 Na6 26. Rf1 Nb4 27. f4 Qc7 28.
fxe5 fxe5 29. Rxf8+ Kxf8 30. Be6 Bf6 31. Rf1 Kg7 32. Qf3 Nc2 33. Bxe5 Qd8 34.
Nd6 h6 35. Bxf6+ exf6 36. Nxe8+ Qxe8 37. Qxf6+ Kh7 38. e5 Nd4 39. Bf7 Ne2+ 40.
Kg2 1-0

[Event "Sri Lanka National B Chess Championship 2015"]
[Site "SLIIT, Malabe"]
[Date "2015.06.19"]
[Round "2"]
[Board "12"]
[White "Lakshitha, H H Sasindu"]
[Black "Thilakarathne, G M S"]
[Result "0-1"]
[WhiteElo "1689"]
[BlackElo "1890"]
[PlyCount "104"]
[EventDate "2015.06.19"]
[EventRounds "10"]
[EventCountry "SRI"]

1. d4 Nf6 2. c4 e6 3. Nc3 Bb4 4. Qc2 O-O 5. Bg5 c5 6. e3 h6 7. Bh4 b6 8. Nf3
Bb7 9. Be2 d6 10. O-O Bxc3 11. bxc3 Nbd7 12. Nd2 e5 13. d5 Qe7 14. e4 Rfe8 15.
Rae1 g5 16. Bg3 Nf8 17. h4 Ng6 18. hxg5 hxg5 19. Nf3 Nh5 20. Qd2 Nhf4 21. Nh2
Nxe2+ 22. Qxe2 Bc8 23. Ng4 Bxg4 24. Qxg4 Kg7 25. f3 Rh8 26. Kf2 Rag8 27. Rh1 f6
28. Ke3 Qe8 29. Kd3 b5 30. Rxh8 bxc4+ 31. Kd2 Rxh8 32. Rb1 Qe7 33. Rb5 Qc7 34.
Qe6 Rd8 35. a4 Nf8 36. Qg4 Rb8 37. f4 Rxb5 38. axb5 Qd7 39. f5 Qxb5 40. Be1
Qb2+ 41. Ke3 Qc1+ 42. Bd2 Qg1+ 43. Ke2 Nh7 44. Be3 Qh1 45. Bf2 Qh2 46. g3 Qh1
47. Kd2 Qh2 48. Ke1 Qh1+ 49. Kd2 Qf1 50. Be1 Qg2+ 51. Kc1 Kh6 52. Bd2 Qf1+ {
poor recording} 0-1

[Event "Sri Lanka National B Chess Championship 2015"]
[Site "SLIIT, Malabe"]
[Date "2015.06.19"]
[Round "2"]
[Board "13"]
[White "Weerakoon, R K B"]
[Black "Lamawansa, Yasas"]
[Result "0-1"]
[WhiteElo "1535"]
[BlackElo "1960"]
[PlyCount "114"]
[EventDate "2015.06.19"]
[EventRounds "10"]
[EventCountry "SRI"]

1. e4 c5 2. Na3 g6 3. g3 Bg7 4. Bg2 Nc6 5. c3 d6 6. f4 Nh6 7. d3 Rb8 8. Nf3 O-O
9. O-O f5 10. Nh4 e6 11. exf5 Nxf5 12. Nxf5 gxf5 13. Be3 Bd7 14. Nc2 Qb6 15.
Rb1 d5 16. b4 d4 17. bxc5 Qxc5 18. cxd4 Nxd4 19. Rb4 Qxc2 20. Bxd4 Bxd4+ 21.
Rxd4 Qc5 22. Qa1 Rfc8 23. Kh1 Bc6 24. Re1 Bxg2+ 25. Kxg2 Qc6+ 26. Kg1 Qb6 27.
Kf1 Rc2 28. Re2 Qc6 29. Kf2 Rxe2+ 30. Kxe2 Qg2+ 31. Ke3 Qxh2 32. Kf3 Qh5+ 33.
Kf2 Rc8 34. Rc4 Rxc4 35. dxc4 Qh2+ 36. Kf3 Qh5+ 37. Ke3 Qg4 38. Kf2 Qg7 39. Qd1
Qb2+ 40. Kg1 Qb6+ 41. Kg2 Qc6+ 42. Kf2 b6 43. Qd3 Kf7 44. a3 Qc5+ 45. Kg2 Ke7
46. Kf1 a5 47. Kg2 Qd6 48. Qc3 Kd7 49. Qg7+ Kc6 50. Qc3 Kc5 51. Qb3 Qc6+ 52.
Kf2 Qd7 53. Ke2 Qc6 54. Qc3 Qg2+ 55. Kd1 Qg1+ 56. Ke2 Qd4 57. Qb2 Qxb2+ 0-1

[Event "Sri Lanka National B Chess Championship 2015"]
[Site "SLIIT, Malabe"]
[Date "2015.06.19"]
[Round "2"]
[Board "14"]
[White "Wijekoon, Chandana"]
[Black "Priyadarshana, Y Danushka"]
[Result "1-0"]
[WhiteElo "2007"]
[BlackElo "1641"]
[PlyCount "47"]
[EventDate "2015.06.19"]
[EventRounds "10"]
[EventCountry "SRI"]

1. d4 Nf6 2. c4 e6 3. Nc3 Bb4 4. Qc2 d5 5. cxd5 Nxd5 6. Nf3 Nd7 7. e4 Nxc3 8.
bxc3 Be7 9. Bd3 h6 10. O-O O-O 11. Be3 Re8 12. Rad1 c6 13. Ne1 b6 14. f4 Bb7
15. Qf2 Nf6 16. Qg3 Qc7 17. e5 Nd5 18. Bd2 Kh8 19. Nc2 Bf8 20. f5 exf5 21. Rxf5
g6 22. Rf3 Qe7 23. Rdf1 Kg8 24. Rxf7 1-0

[Event "Sri Lanka National B Chess Championship 2015"]
[Site "SLIIT, Malabe"]
[Date "2015.06.19"]
[Round "2"]
[Board "15"]
[White "Ellawela, Suveen"]
[Black "Thilakarathne, G M H"]
[Result "0-1"]
[WhiteElo "1659"]
[BlackElo "1950"]
[PlyCount "136"]
[EventDate "2015.06.19"]
[EventRounds "10"]
[EventCountry "SRI"]

1. d4 Nf6 2. Bf4 d5 3. e3 c5 4. c3 Nc6 5. Nf3 Qb6 6. Qb3 c4 7. Qxb6 axb6 8. Na3
Bf5 9. Nh4 Bd7 10. Be2 Ne4 11. Bc7 Nxc3 12. Bxb6 e6 13. Nc2 Na4 14. Bc7 Nb4 15.
Kd2 Nxb2 16. Rhb1 c3+ 17. Kxc3 Na4+ 18. Kd2 Nxc2 19. Kxc2 Rc8 20. Rxb7 Bd6 21.
Rb8 Rxb8 22. Bxb8 Bxb8 23. Rb1 O-O 24. Ba6 Bd6 25. Nf3 Rb8 26. Rxb8+ Bxb8 27.
h3 Kf8 28. Kb3 Ke7 29. Kc2 f6 30. Kb3 Bd6 31. Bd3 Nb6 32. Bxh7 Ba4+ 33. Kb2 Bb4
34. Bd3 Bd1 35. Nh4 g5 36. Ng6+ Kf7 37. g4 Na4+ 38. Kc1 Bf3 39. h4 Bxg4 40.
hxg5 Bd6 41. gxf6 Kxf6 42. Nh4 Nc3 43. f3 Nxa2+ 44. Kb2 Nb4 45. Be2 Bh3 46. Kb3
Bg3 47. Kxb4 Bxh4 48. e4 dxe4 49. fxe4 Bg2 50. e5+ Kf5 51. Bd3+ Be4 52. Bc4 Bd5
53. Bd3+ Kf4 54. Bb5 Ke3 55. Bd7 Kxd4 56. Bxe6 Bxe6 57. Kb5 Kxe5 58. Kc6 Be7
59. Kb5 Kd4 60. Kc6 Bf5 61. Kc7 Kd5 62. Kb7 Bd6 63. Kb6 Bd7 64. Kb7 Kc5 65. Ka8
Bc8 66. Ka7 Kc6 67. Ka8 Kc7 68. Ka7 Bc5+ 0-1

[Event "Sri Lanka National B Chess Championship 2015"]
[Site "SLIIT, Malabe"]
[Date "2015.06.19"]
[Round "2"]
[Board "16"]
[White "Herath, H M A K"]
[Black "Marasinghe, H N B"]
[Result "1-0"]
[WhiteElo "1910"]
[BlackElo "1677"]
[PlyCount "72"]
[EventDate "2015.06.19"]
[EventRounds "10"]
[EventCountry "SRI"]

1. e4 c5 2. Nf3 e6 3. d4 cxd4 4. Nxd4 a6 5. Nc3 Qc7 6. Bd3 Nc6 7. Nb3 h6 8. O-O
b5 9. Be3 d6 10. f4 Nf6 11. a3 Bb7 12. Qf3 h5 13. h3 h4 14. f5 Ne5 15. Qf2 Nfd7
16. fxe6 fxe6 17. Nd4 Nc5 18. Qd2 O-O-O 19. b4 Nexd3 20. cxd3 e5 21. Ndxb5 axb5
22. bxc5 dxc5 23. Nxb5 Qb6 24. Rab1 Rd7 25. Qc3 Bd6 26. a4 Kb8 27. Rb3 Rhd8 28.
Rfb1 Rc8 29. Qb2 Bf8 30. a5 Qa6 31. Qxe5+ Ka8 32. Qf5 Bc6 33. Bf4 Bxb5 34. Rxb5
Rdd8 35. e5 Qc6 36. Rb6 Qxb6 1-0